Talking to terrorists : (Record no. 6168)
[ view plain ]
| 000 -LEADER | |
|---|---|
| fixed length control field | 01003cam a22002774a 4500 |
| 005 - DATE AND TIME OF LATEST TRANSACTION | |
| control field | 20260310200637.0 |
| 008 - FIXED-LENGTH DATA ELEMENTS--GENERAL INFORMATION | |
| fixed length control field | 090806s2010 nyu b 001 0 eng |
| 020 ## - INTERNATIONAL STANDARD BOOK NUMBER | |
| International Standard Book Number | 9780465011179 |
| 040 ## - CATALOGING SOURCE | |
| Original cataloging agency | KABLIB |
| Transcribing agency | KABLIB |
| Description conventions | rda |
| 082 00 - DEWEY DECIMAL CLASSIFICATION NUMBER | |
| Classification number | 363.325 |
| Edition number | 23 |
| Item number | PER |
| 100 1# - MAIN ENTRY--PERSONAL NAME | |
| Personal name | Perry, Mark, |
| Dates associated with a name | 1950- |
| 9 (RLIN) | 15661 |
| 245 10 - TITLE STATEMENT | |
| Title | Talking to terrorists : |
| Remainder of title | why America must engage with its enemies / |
| Statement of responsibility, etc. | Mark Perry. |
| 260 ## - PUBLICATION, DISTRIBUTION, ETC. | |
| Place of publication, distribution, etc. | New York : |
| Name of publisher, distributor, etc. | Basic Books, |
| Date of publication, distribution, etc. | c2010. |
| 300 ## - PHYSICAL DESCRIPTION | |
| Extent | xiii, 245 p. ; |
| Dimensions | 23 cm. |
| 504 ## - BIBLIOGRAPHY, ETC. NOTE | |
| Bibliography, etc. note | Includes bibliographical references (p. 219-244), index. |
| 610 20 - SUBJECT ADDED ENTRY--CORPORATE NAME | |
| Corporate name or jurisdiction name as entry element | Qaida (Organization) |
| 9 (RLIN) | 15662 |
| 610 20 - SUBJECT ADDED ENTRY--CORPORATE NAME | |
| Corporate name or jurisdiction name as entry element | Ḥarakat al-Muqāwamah al-Islāmīyah. |
| 9 (RLIN) | 15663 |
| 610 20 - SUBJECT ADDED ENTRY--CORPORATE NAME | |
| Corporate name or jurisdiction name as entry element | Hizballah (Lebanon) |
| 9 (RLIN) | 15664 |
| 650 #0 - SUBJECT ADDED ENTRY--TOPICAL TERM | |
| Topical term or geographic name entry element | Terrorists |
| General subdivision | Psychology. |
| 9 (RLIN) | 15665 |
| 650 #0 - SUBJECT ADDED ENTRY--TOPICAL TERM | |
| Topical term or geographic name entry element | Terrorism |
| General subdivision | Prevention. |
| 9 (RLIN) | 15666 |
| 650 #0 - SUBJECT ADDED ENTRY--TOPICAL TERM | |
| Topical term or geographic name entry element | Muslims |
| General subdivision | Communication. |
| 9 (RLIN) | 15667 |
| 650 #0 - SUBJECT ADDED ENTRY--TOPICAL TERM | |
| Topical term or geographic name entry element | Communication in organizations. |
| 9 (RLIN) | 1878 |
| 650 #0 - SUBJECT ADDED ENTRY--TOPICAL TERM | |
| Topical term or geographic name entry element | Communication in politics. |
| 9 (RLIN) | 9248 |
| 650 #0 - SUBJECT ADDED ENTRY--TOPICAL TERM | |
| Topical term or geographic name entry element | Communication and culture |
| 9 (RLIN) | 15668 |
| 942 ## - ADDED ENTRY ELEMENTS (KOHA) | |
| Source of classification or shelving scheme | Dewey Decimal Classification |
| Koha item type | Book |
| Withdrawn status | Lost status | Source of classification or shelving scheme | Damaged status | Not for loan | Home library | Current library | Shelving location | Date acquired | Source of acquisition | Total Checkouts | Full call number | Barcode | Date last seen | Price effective from | Koha item type |
|---|---|---|---|---|---|---|---|---|---|---|---|---|---|---|---|
| Dewey Decimal Classification | Mukombe Library | Mukombe Library | Open Access Section | 10.03.2026 | Donated | 363.325 PER | 14605 | 10.03.2026 | 10.03.2026 | Book |